Alle Länder, die Berlin regiert haben - Statistiken

Allgemein
  • Dieses Quiz wurde 147 mal gespielt
  • Das Durchschnittsergebnis liegt bei 6 aus 8
Antwortstatistiken
Länder Zeit % Korrekt
Deutschland 1871 - 1945
92%
Ostdeutschland
90%
Brandenburg-Preußen 1618 - 1701
84%
Königreich Preußen 1701 - 1867
84%
Alliertes besetztes Deutschland 1945 - 1949
82%
Westdeutschland 1949 - 1990
71%
Mark Brandenburg 1237 - 1618
31%
Norddeutscher Bund 1867 - 1871
29%
Keine übereinstimmenden Quizze gefunden
Verteilung der Resultate
Anzahl Personen mit jedem Resultat
Perzentil nach korrekt beantworteten Fragen
Ihre Resultats-Entwicklung
Sie haben dieses Quiz noch nicht gespielt